000 00730nam a2200229Ia 4500
001 16689
003 GE_BSU
008 181216s||||||||xx |||||||||||||| ||und||
040 _cGE_BSU
080 _a821.161.2-3
100 _aკობილიანსკაია, ო.
245 _aმიწა
245 _bმოთხრობა
245 _cელ. გოგოლაშვილის ბოლოსიტყვ. ; მთარგმნ.: გ. შალამბერიძე
260 _aთბილისი
260 _bსაბჭ. საქართველო
260 _c1963
300 _a368გვ. ; 21სმ
653 _aმიწა
653 _aმოთხრობა
942 _cBK
999 _c49754
_d49754